[Event "HUN-chT 0910"]
[Site "Hungary"]
[Date "2010.04.18"]
[Round "10"]
[White "Balazs, Gabor1111"]
[Black "Sziraki, Tamas"]
[Result "1/2-1/2"]
[WhiteElo "2323"]
[BlackElo "2314"]
[PlyCount "66"]
[EventDate "2009.11.08"]
[EventType "team-tourn"]
[EventRounds "11"]
[EventCountry "HUN"]
[SourceTitle "EXT 2011"]
[Source "ChessBase"]
[SourceDate "2010.11.26"]
[SourceVersion "1"]
[SourceVersionDate "2010.11.26"]
[SourceQuality "1"]
[WhiteTeam "Paks"]
[BlackTeam "BEAC"]
[WhiteTeamCountry "HUN"]
[BlackTeamCountry "HUN"]

1. d4 Nf6 2. c4 e6 3. Nc3 Bb4 4. Qc2 0-0 5. a3 Bxc3+ 6. Qxc3 b6 7. Bg5 Bb7 8. f3 h6 9. Bh4 d5 10. e3 Nbd7 11. cxd5 Nxd5 12. Bxd8 Nxc3 13. Bh4 Nd5 14. Bf2 f5 15. Rc1 Rac8 16. Bb5 c6 17. Bc4 c5 18. Ne2 cxd4 19. exd4 Kh8 20. 0-0 a6 21. Rfe1 g5 22. Bb3 Rxc1 23. Nxc1 Rc8 24. Nd3 Nf8 25. h4 Kg7 26. hxg5 hxg5 27. Bg3 f4 28. Bf2 Kf6 29. Ne5 Ne7 30. Ng4+ Kf7 31. Ne5+ Kf6 32. Ng4+ Kf7 33. Ne5+ Kf6 1/2-1/2

[Event "HUN-chT 0910"]
[Site "Hungary"]
[Date "2009.12.20"]
[Round "4"]
[White "Korpics, Zsolt"]
[Black "Sziraki, Tamas"]
[Result "1/2-1/2"]
[WhiteElo "2324"]
[BlackElo "2314"]
[PlyCount "61"]
[EventDate "2009.11.08"]
[EventType "team-tourn"]
[EventRounds "11"]
[EventCountry "HUN"]
[SourceTitle "EXT 2011"]
[Source "ChessBase"]
[SourceDate "2010.11.26"]
[SourceVersion "1"]
[SourceVersionDate "2010.11.26"]
[SourceQuality "1"]
[WhiteTeam "Haladas"]
[BlackTeam "BEAC"]
[WhiteTeamCountry "HUN"]
[BlackTeamCountry "HUN"]

1. e4 e5 2. Nf3 Nc6 3. d4 exd4 4. Nxd4 Nf6 5. Nxc6 bxc6 6. Bd3 d5 7. Nc3 Bb4 8. exd5 cxd5 9. Bb5+ Bd7 10. Qe2+ Qe7 11. Bxd7+ Nxd7 12. Qxe7+ Kxe7 13. Bd2 Nf6 14. 0-0-0 Rhd8 15. Rhe1+ Kf8 16. Nb5 Bxd2+ 17. Rxd2 Rd7 18. f3 a6 19. Nd4 Re8 20. Rxe8+ Kxe8 21. Re2+ Re7 22. Rxe7+ Kxe7 23. Nf5+ Kf8 24. b4 g6 25. Nd4 Nd7 26. Nc6 f6 27. Kd2 Kf7 28. Nd8+ Ke7 29. Nb7 Ke6 30. Kd3 Ke5 31. c4 1/2-1/2

[Event "HUN-chT 0910"]
[Site "Hungary"]
[Date "2009.11.22"]
[Round "2"]
[White "Szalai, Kornel"]
[Black "Sziraki, Tamas"]
[Result "1/2-1/2"]
[WhiteElo "2326"]
[BlackElo "2314"]
[PlyCount "62"]
[EventDate "2009.11.08"]
[EventType "team-tourn"]
[EventRounds "11"]
[EventCountry "HUN"]
[SourceTitle "EXT 2011"]
[Source "ChessBase"]
[SourceDate "2010.11.26"]
[SourceVersion "1"]
[SourceVersionDate "2010.11.26"]
[SourceQuality "1"]
[WhiteTeam "Mako"]
[BlackTeam "BEAC"]
[WhiteTeamCountry "HUN"]
[BlackTeamCountry "HUN"]

1. Nf3 Nf6 2. c4 e6 3. e3 b6 4. b3 Bb7 5. Bb2 Be7 6. Be2 0-0 7. 0-0 c5 8. d3 d6 9. Nbd2 Nbd7 10. Rc1 Rc8 11. Rc2 d5 12. Qa1 Qc7 13. Rfc1 Qb8 14. cxd5 Bxd5 15. Nc4 Rfd8 16. Nfe5 Bf8 17. Bf1 Qa8 18. e4 Bxc4 19. Nxc4 Ne8 20. Be2 Nb8 21. Ne5 Qb7 22. a3 Nd6 23. b4 cxb4 24. axb4 Rxc2 25. Rxc2 a6 26. Qa2 Rc8 27. Qb3 Nc6 28. Ng4 Nb5 29. Rc4 Nd6 30. Rc2 Nb5 31. Rc4 Nd6 1/2-1/2

[Event "HUN-chT 0809"]
[Site "Hungary"]
[Date "2009.01.25"]
[Round "6"]
[White "Sziraki, Tamas"]
[Black "Kahn, Evarth"]
[Result "1-0"]
[WhiteElo "2303"]
[BlackElo "2297"]
[PlyCount "47"]
[EventDate "2008.10.26"]
[EventType "team-tourn"]
[EventRounds "11"]
[EventCountry "HUN"]
[SourceTitle "EXT 2010"]
[Source "ChessBase"]
[SourceDate "2010.11.25"]
[SourceVersion "1"]
[SourceVersionDate "2010.11.25"]
[SourceQuality "1"]
[WhiteTeam "BEAC"]
[BlackTeam "Budapest MTK"]
[WhiteTeamCountry "HUN"]
[BlackTeamCountry "HUN"]

1. e4 c5 2. Nf3 d6 3. Bb5+ Nd7 4. d4 cxd4 5. Qxd4 a6 6. Bxd7+ Bxd7 7. Nc3 e6 8. Bg5 f6 9. Be3 Ne7 10. Qxd6 Nd5 11. Qg3 Nxe3 12. fxe3 Qb6 13. 0-0-0 Qxe3+ 14. Kb1 Qb6 15. Rd3 Rd8 16. Rhd1 g6 17. e5 f5 18. Ng5 Be7 19. Nxh7 Rxh7 20. Qxg6+ Rf7 21. Nd5 Qa5 22. b4 Qa4 23. Qg8+ Bf8 24. Nc7+ 1-0

[Event "HUN-chT2 Charousek 0506"]
[Site "Hungary"]
[Date "2006.04.23"]
[Round "11"]
[White "Berta, Tibor"]
[Black "Sziraki, Tamas"]
[Result "0-1"]
[WhiteElo "2112"]
[BlackElo "2322"]
[PlyCount "144"]
[EventDate "2005.10.16"]
[EventType "team"]
[EventRounds "11"]
[EventCountry "HUN"]
[SourceTitle "EXT 2009"]
[Source "ChessBase"]
[SourceDate "2008.11.26"]
[SourceVersion "1"]
[SourceVersionDate "2008.11.26"]
[SourceQuality "1"]
[WhiteTeam "Paks II"]
[BlackTeam "BEAC"]
[WhiteTeamCountry "HUN"]
[BlackTeamCountry "HUN"]

1. d4 Nf6 2. Nf3 g6 3. Bg5 Bg7 4. e3 0-0 5. Bd3 d6 6. 0-0 Nbd7 7. c4 e5 8. Nc3 h6 9. Bh4 c6 10. Re1 Re8 11. Qc2 Qe7 12. dxe5 dxe5 13. Bf1 Nf8 14. Bxf6 Bxf6 15. Ne4 Bf5 16. Nxf6+ Qxf6 17. Qc3 c5 18. Rad1 Be4 19. Be2 Bc6 20. Rd2 Qe7 21. Red1 e4 22. Ne1 Nd7 23. b3 Ne5 24. a3 Qf6 25. Qc2 a5 26. Rd6 Qg5 27. Qc3 Qe7 28. R6d2 Qf6 29. Qc2 Re6 30. Qb1 Qg5 31. Rd6 Rxd6 32. Rxd6 Re8 33. Qd1 Qe7 34. Rd2 a4 35. bxa4 Ra8 36. Qc1 Rxa4 37. Rc2 Qg5 38. Rc3 Ra8 39. Qc2 Rd8 40. Qc1 h5 41. Rc2 h4 42. Rd2 Re8 43. Rb2 Kh7 44. Ra2 h3 45. g3 Qf5 46. Bf1 Ra8 47. Qd2 Qe6 48. Qc3 Rd8 49. Ra1 Qf5 50. Qc2 Nd3 51. Qe2 Ne5 52. Qc2 Ra8 53. Ra2 Qe6 54. Qc3 f6 55. Rc2 Rd8 56. Rc1 Bd7 57. Rb1 Bc6 58. Rc1 g5 59. Rb1 Kg6 60. Qc2 Kh6 61. Qc3 Ra8 62. Ra1 Ra4 63. Rc1 g4 64. Rc2 Qf7 65. Rc1 Ra8 66. Rb1 Qd7 67. Rc1 Rd8 68. Rc2 Ba4 69. Rb2 Qd1 70. Rb6 Kg5 71. Re6 Kf5 72. Rb6 Qxe1 0-1

[Event "HUN-chT2 Charousek 0506"]
[Site "Hungary"]
[Date "2006.01.22"]
[Round "6"]
[White "Sziraki, Tamas"]
[Black "Horvath, Tamas3333"]
[Result "1-0"]
[WhiteElo "2322"]
[BlackElo "2159"]
[PlyCount "77"]
[EventDate "2005.10.16"]
[EventType "team"]
[EventRounds "11"]
[EventCountry "HUN"]
[SourceTitle "EXT 2009"]
[Source "ChessBase"]
[SourceDate "2008.11.26"]
[SourceVersion "1"]
[SourceVersionDate "2008.11.26"]
[SourceQuality "1"]
[WhiteTeam "BEAC"]
[BlackTeam "Gyor Elektromos"]
[WhiteTeamCountry "HUN"]
[BlackTeamCountry "HUN"]

1. e4 c5 2. Nf3 d6 3. Bb5+ Bd7 4. Bxd7+ Nxd7 5. 0-0 Ngf6 6. Qe2 e6 7. b3 Be7 8. c4 0-0 9. d4 cxd4 10. Nxd4 a6 11. Nc3 Qc7 12. Bb2 Rfe8 13. Rfe1 Rac8 14. Rad1 b6 15. Kh1 Qb8 16. f4 e5 17. Nf5 Bf8 18. Qd2 Re6 19. fxe5 Nxe5 20. Nd5 b5 21. Nd4 bxc4 22. Nxe6 fxe6 23. Nxf6+ gxf6 24. Bxe5 dxe5 25. Qd7 Re8 26. bxc4 Re7 27. Qd8 Qb4 28. Rf1 Kf7 29. Qd3 Qb7 30. Qf3 Bg7 31. Qh5+ Kg8 32. Rd8+ Bf8 33. Qg4+ Kf7 34. Rxf6+ Kxf6 35. Rxf8+ Rf7 36. Qf3+ Kg7 37. Rxf7+ Qxf7 38. Qxf7+ Kxf7 39. g4 1-0

[Event "HUN-chT 0405"]
[Site "Hungary"]
[Date "2005.03.06"]
[Round "9"]
[White "Jamrich, Gyorgy"]
[Black "Sziraki, Tamas"]
[Result "0-1"]
[WhiteElo "2269"]
[BlackElo "2308"]
[PlyCount "56"]
[EventDate "2004.09.26"]
[EventType "team-tourn"]
[EventRounds "11"]
[EventCountry "HUN"]
[SourceTitle "EXT 2011"]
[Source "ChessBase"]
[SourceDate "2010.11.26"]
[SourceVersion "1"]
[SourceVersionDate "2010.11.26"]
[SourceQuality "1"]
[WhiteTeam "Honved"]
[BlackTeam "BEAC Rufusz"]
[WhiteTeamCountry "HUN"]
[BlackTeamCountry "HUN"]

1. e4 c5 2. Nf3 d6 3. d4 cxd4 4. Nxd4 Nf6 5. Nc3 a6 6. Be3 e6 7. f3 Be7 8. Qd2 Nc6 9. 0-0-0 0-0 10. Kb1 Nxd4 11. Bxd4 b5 12. Be3 Bb7 13. h4 b4 14. Na4 Bc6 15. Nb6 Rb8 16. Nc4 d5 17. Ne5 Bb7 18. exd5 Nxd5 19. Bd4 Qc7 20. Ng4 Rfd8 21. Qf2 Nc3+ 22. bxc3 bxc3 23. Ka1 Bd5 24. Be5 Qa5 25. Rxd5 Rxd5 26. Bc4 Qa3 27. Nh6+ gxh6 28. Qg3+ Bg5 0-1

[Event "HUN-chT 0304"]
[Site "Hungary"]
[Date "2003.11.30"]
[Round "4"]
[White "Sziraki, Tamas"]
[Black "Toth, Andras"]
[Result "0-1"]
[WhiteElo "2337"]
[BlackElo "2420"]
[PlyCount "52"]
[EventDate "2003.09.28"]
[EventType "team"]
[EventRounds "11"]
[EventCountry "HUN"]
[SourceTitle "EXT 2005"]
[Source "ChessBase"]
[SourceDate "2004.11.15"]
[SourceVersion "1"]
[SourceVersionDate "2004.11.15"]
[SourceQuality "1"]

1. e4 c5 2. Nf3 d6 3. Bb5+ Nd7 4. d4 cxd4 5. Qxd4 a6 6. Bxd7+ Bxd7 7. Nc3 e5 8. Qd3 h6 9. 0-0 Nf6 10. a4 b6 11. Nh4 Be7 12. f4 0-0 13. Nf5 Bxf5 14. exf5 Qc7 15. Be3 Rfc8 16. Rf2 Qc4 17. Qxc4 Rxc4 18. fxe5 dxe5 19. Bxb6 Rb4 20. a5 Rxb2 21. Na4 Rb4 22. Re2 Bd6 23. Nc5 Rxb6 24. axb6 Bxc5+ 25. Kf1 Bxb6 26. Rxe5 Bd4 0-1

[Event "HUN-chT 0203"]
[Site "Hungary"]
[Date "2003.03.23"]
[Round "9.7"]
[White "Sziraki, Tamas"]
[Black "Dembo, Yelena"]
[Result "1-0"]
[WhiteElo "2320"]
[BlackElo "2369"]
[PlyCount "79"]
[EventDate "2002.09.22"]
[EventType "team"]
[EventRounds "11"]
[EventCountry "HUN"]
[SourceTitle "EXT 2004"]
[Source "ChessBase"]
[SourceDate "2003.11.25"]
[SourceVersion "1"]
[SourceVersionDate "2003.11.25"]
[SourceQuality "1"]
[WhiteTeam "BEAC"]
[BlackTeam "Paks ASE"]
[WhiteTeamCountry "HUN"]
[BlackTeamCountry "HUN"]

1. e4 c5 2. Nf3 Nc6 3. d4 cxd4 4. Nxd4 Nf6 5. Nc3 d6 6. Bg5 e6 7. Qd2 a6 8. 0-0-0 h6 9. Be3 Bd7 10. f4 Qc7 11. Kb1 Rc8 12. h3 b5 13. Bd3 Nxd4 14. Bxd4 b4 15. Ne2 e5 16. Be3 Qb7 17. g4 Be6 18. Ng3 Be7 19. Qe2 Rc6 20. f5 Bd7 21. h4 h5 22. Nxh5 Nxh5 23. gxh5 Rc7 24. Rhg1 Bxh4 25. Rxg7 Bf6 26. Qg4 Bb5 27. h6 Bxd3 28. Rxd3 Qc6 29. Rd2 Qc4 30. Rg8+ Rxg8 31. Qxg8+ Ke7 32. Qg2 a5 33. Bg5 Bxg5 34. Qxg5+ Kd7 35. Qg4 Rc8 36. h7 Rh8 37. b3 Qc8 38. Qg7 Qf8 39. Qxe5 Rxh7 40. Qxa5 1-0

[Event "HUN-chT 0203"]
[Site "Hungary"]
[Date "2003.02.02"]
[Round "6.7"]
[White "Sziraki, Tamas"]
[Black "Popovics, Adam"]
[Result "0-1"]
[WhiteElo "2320"]
[BlackElo "2351"]
[PlyCount "102"]
[EventDate "2002.09.22"]
[EventType "team"]
[EventRounds "11"]
[EventCountry "HUN"]
[SourceTitle "EXT 2004"]
[Source "ChessBase"]
[SourceDate "2003.11.25"]
[SourceVersion "1"]
[SourceVersionDate "2003.11.25"]
[SourceQuality "1"]
[WhiteTeam "BEAC"]
[BlackTeam "Hajduboszormeny"]
[WhiteTeamCountry "HUN"]
[BlackTeamCountry "HUN"]

1. e4 c5 2. Nf3 d6 3. Bb5+ Nd7 4. d4 cxd4 5. Qxd4 a6 6. Bxd7+ Bxd7 7. Nc3 Bc6 8. Bg5 Nf6 9. 0-0-0 Nd7 10. Kb1 Rc8 11. Rhe1 f6 12. Bh4 e6 13. Nd5 Ne5 14. Nb6 Rb8 15. Nd2 Be7 16. f4 Ng6 17. Bg3 e5 18. fxe5 dxe5 19. Qf2 0-0 20. h4 Rf7 21. h5 Nf8 22. Nf3 Qc7 23. Nd5 Bxd5 24. Rxd5 Nd7 25. Red1 Nb6 26. R5d3 Na4 27. Qe2 Rc8 28. Bf2 Qc4 29. c3 Bf8 30. Nd2 Qb5 31. Nb3 Rxc3 32. Qd2 Rc4 33. Rd5 Qe8 34. Rd8 Qc6 35. Na5 Qxe4+ 36. Qd3 Rb4 37. Qxe4 Nc3+ 38. Kc2 Nxe4 39. Be3 Rc7+ 40. Kd3 Nd6 41. Nb3 Kf7 42. Ke2 Nf5 43. Bd2 Rg4 44. Kf3 Rg3+ 45. Kf2 Be7 46. Rb8 Rd7 47. Rf1 e4 48. Bf4 e3+ 49. Kg1 e2 50. Re1 Rg4 51. Bd2 Rxd2 0-1

[Event "HUN-chT 0203"]
[Site "Hungary"]
[Date "2003.01.19"]
[Round "5.7"]
[White "Harmatosi, Jozsef"]
[Black "Sziraki, Tamas"]
[Result "1/2-1/2"]
[WhiteElo "2253"]
[BlackElo "2320"]
[PlyCount "63"]
[EventDate "2002.09.22"]
[EventType "team"]
[EventRounds "11"]
[EventCountry "HUN"]
[SourceTitle "EXT 2004"]
[Source "ChessBase"]
[SourceDate "2003.11.25"]
[SourceVersion "1"]
[SourceVersionDate "2003.11.25"]
[SourceQuality "1"]
[WhiteTeam "Godollo"]
[BlackTeam "BEAC"]
[WhiteTeamCountry "HUN"]
[BlackTeamCountry "HUN"]

1. d4 Nf6 2. Nf3 e6 3. Bg5 h6 4. Bh4 b6 5. e3 Bb7 6. Nbd2 c5 7. c3 Be7 8. Bd3 d6 9. 0-0 Nbd7 10. e4 cxd4 11. cxd4 0-0 12. Rc1 e5 13. Bb1 Rc8 14. dxe5 dxe5 15. Bg3 Rxc1 16. Qxc1 Qb8 17. b3 Nh5 18. Qb2 Nxg3 19. hxg3 Ba6 20. Rc1 Rc8 21. Rxc8+ Qxc8 22. b4 Bb5 23. a3 Bd6 24. Nh4 Nf6 25. Nf5 Qc7 26. Ne3 Bc6 27. f3 a5 28. Ndc4 axb4 29. axb4 Nd7 30. Nxd6 Qxd6 31. Ba2 Bb7 32. Qb3 1/2-1/2

[Event "HUN-chT2 0102"]
[Site "Hungary"]
[Date "2002.01.27"]
[Round "6"]
[White "Sziraki, Tamas"]
[Black "Istvandi, Lajos"]
[Result "1/2-1/2"]
[WhiteElo "2303"]
[BlackElo "2286"]
[PlyCount "28"]
[EventDate "2001.??.??"]
[EventType "team"]
[EventRounds "11"]
[EventCountry "HUN"]
[SourceTitle "EXT 2004"]
[Source "ChessBase"]
[SourceDate "2003.11.25"]
[SourceVersion "1"]
[SourceVersionDate "2003.11.25"]
[SourceQuality "1"]

1. d4 Nf6 2. c4 g6 3. Nf3 Bg7 4. g3 0-0 5. Bg2 d6 6. 0-0 Nbd7 7. Nc3 a6 8. h3 e5 9. e4 Rb8 10. Be3 exd4 11. Nxd4 Re8 12. Qc2 Ne5 13. b3 c5 14. Nde2 b5 1/2-1/2

[Event "HUN-chT2 Charousek 0001"]
[Site "Hungary"]
[Date "2001.03.04"]
[Round "8"]
[White "Farkas, Gyula"]
[Black "Sziraki, Tamas"]
[Result "1-0"]
[WhiteElo "2230"]
[BlackElo "2321"]
[PlyCount "99"]
[EventDate "2000.11.26"]
[EventType "team"]
[EventRounds "11"]
[EventCountry "HUN"]
[SourceTitle "EXT 2007"]
[Source "ChessBase"]
[SourceDate "2006.11.23"]
[SourceVersion "1"]
[SourceVersionDate "2006.11.23"]
[SourceQuality "1"]
[WhiteTeam "Ajka Banyasz"]
[BlackTeam "Budapest EAC"]
[WhiteTeamCountry "HUN"]
[BlackTeamCountry "HUN"]

1. e4 c5 2. Nf3 d6 3. d4 cxd4 4. Qxd4 Nc6 5. Bb5 Bd7 6. Bxc6 Bxc6 7. Nc3 Nf6 8. Bg5 e6 9. 0-0-0 Be7 10. Rhe1 0-0 11. e5 dxe5 12. Qh4 Qc7 13. Nxe5 Rfd8 14. Ng4 Nxg4 15. Bxe7 Rxd1+ 16. Rxd1 Ne5 17. Bd6 Ng6 18. Qg3 Qd8 19. Bc5 Qa5 20. Be3 h6 21. f3 Rc8 22. Qf2 b5 23. Kb1 b4 24. Ne2 Bd5 25. Nc1 Rc6 26. b3 a6 27. h4 Qc7 28. h5 Ne7 29. Nd3 a5 30. Bf4 Qb7 31. Be5 f6 32. Bb2 e5 33. f4 e4 34. Nc5 Qc7 35. Na4 Bf7 36. g4 Nd5 37. Bc1 Qe7 38. Re1 f5 39. gxf5 Bxh5 40. Qd4 Nf6 41. Qe5 Qd8 42. Nc5 Bd1 43. Ne6 Bxc2+ 44. Kb2 Qc8 45. Be3 Bd3 46. Bc5 Qa6 47. Rg1 Bf1 48. Rxg7+ Kh8 49. Rg2 Rxe6 50. fxe6 1-0

[Event "HUN-chT2 Charousek 0001"]
[Site "Hungary"]
[Date "2001.02.04"]
[Round "6"]
[White "Ladanyi, Tibor"]
[Black "Sziraki, Tamas"]
[Result "0-1"]
[WhiteElo "2265"]
[BlackElo "2321"]
[PlyCount "102"]
[EventDate "2000.11.26"]
[EventType "team"]
[EventRounds "11"]
[EventCountry "HUN"]
[SourceTitle "EXT 2007"]
[Source "ChessBase"]
[SourceDate "2006.11.23"]
[SourceVersion "1"]
[SourceVersionDate "2006.11.23"]
[SourceQuality "1"]
[WhiteTeam "Budapest Spartacus"]
[BlackTeam "Budapest EAC"]
[WhiteTeamCountry "HUN"]
[BlackTeamCountry "HUN"]

1. d4 Nf6 2. c4 g6 3. Nc3 Bg7 4. e4 d6 5. Be2 0-0 6. Nf3 e5 7. d5 h6 8. 0-0 Nbd7 9. Ne1 Ne8 10. Be3 f5 11. f3 f4 12. Bf2 Rf7 13. b4 Bf8 14. Nd3 h5 15. c5 Ndf6 16. b5 g5 17. b6 axb6 18. cxb6 g4 19. bxc7 Nxc7 20. Bb6 g3 21. Re1 Nh7 22. Bf1 Qh4 23. h3 Ng5 24. Qe2 Rg7 25. Rec1 Ne8 26. Rc2 Bd7 27. a4 Be7 28. Raa2 Nf6 29. Nb5 Nfxe4 30. Ne1 Nf6 31. Bc7 Ne8 32. Bb6 Bf5 33. Rc3 Kh7 34. Nc7 Rc8 35. Nb5 Rxc3 36. Nxc3 Nf6 37. Nd3 e4 38. Ne1 exf3 39. Nxf3 Nxf3+ 40. Qxf3 Kh6 41. a5 Nd7 42. Ra4 Bg5 43. Bd4 Re7 44. a6 bxa6 45. Rxa6 Re1 46. Rxd6+ Kh7 47. Ne2 Bf6 48. Bxf6 Nxf6 49. Qc3 f3 50. Qxf3 Bg4 51. Qxg3 Rxf1+ 0-1

[Event "HUN-chT2 Charousek 0001"]
[Site "Hungary"]
[Date "2000.12.03"]
[Round "2"]
[White "Horvath, Tamas1111"]
[Black "Sziraki, Tamas"]
[Result "1/2-1/2"]
[WhiteElo "2252"]
[BlackElo "2321"]
[PlyCount "29"]
[EventDate "2000.11.26"]
[EventType "team"]
[EventRounds "11"]
[EventCountry "HUN"]
[SourceTitle "EXT 2007"]
[Source "ChessBase"]
[SourceDate "2006.11.23"]
[SourceVersion "1"]
[SourceVersionDate "2006.11.23"]
[SourceQuality "1"]
[WhiteTeam "Szenna Pack"]
[BlackTeam "Budapest EAC"]
[WhiteTeamCountry "HUN"]
[BlackTeamCountry "HUN"]

1. e4 c6 2. d4 d5 3. Nc3 dxe4 4. Nxe4 Bf5 5. Ng3 Bg6 6. Nf3 Nd7 7. Bd3 Bxd3 8. Qxd3 Ngf6 9. 0-0 e6 10. Re1 Be7 11. c4 0-0 12. b3 Re8 13. Bb2 Qc7 14. Rad1 Rad8 15. h3 1/2-1/2

[Event "HUN-chT2 9798"]
[Site "Hungary"]
[Date "1998.??.??"]
[Round "?"]
[White "Demeny, Antal"]
[Black "Sziraki, Tamas"]
[Result "0-1"]
[WhiteElo "2210"]
[BlackElo "2315"]
[PlyCount "104"]
[EventDate "1997.??.??"]
[EventType "team"]
[EventRounds "11"]
[EventCountry "HUN"]
[SourceTitle "EXT 1999"]
[Source "ChessBase"]
[SourceDate "1998.11.16"]
[SourceVersion "1"]
[SourceVersionDate "1998.11.16"]
[SourceQuality "1"]

1. d4 Nf6 2. c4 g6 3. g3 Bg7 4. Bg2 0-0 5. Nc3 d6 6. Nf3 Nbd7 7. 0-0 e5 8. e4 c6 9. h3 Qb6 10. dxe5 dxe5 11. Qc2 Qb4 12. b3 Qe7 13. a4 a5 14. Ba3 Nc5 15. Rfd1 Re8 16. Ne1 Nfd7 17. Nd3 Bf8 18. Ne2 Qf6 19. Nxc5 Bxc5 20. Bxc5 Nxc5 21. Rd2 Be6 22. Rad1 Red8 23. Nc1 Rxd2 24. Qxd2 Qe7 25. Kh2 b5 26. axb5 cxb5 27. Qc3 bxc4 28. bxc4 Qc7 29. f3 Na4 30. Qa1 Nb6 31. c5 Nc4 32. Nd3 a4 33. Rc1 a3 34. Rxc4 Bxc4 35. Nxe5 Be6 36. f4 a2 37. f5 Qxe5 38. Qxe5 a1Q 39. Qxa1 Rxa1 40. fxe6 fxe6 41. e5 Re1 42. c6 Rxe5 43. g4 Re3 44. Kg1 Kf7 45. Kf2 Rc3 46. h4 Kf6 47. h5 g5 48. Be4 h6 49. Ke2 Ke5 50. Kd2 Kd4 51. Bg2 Rc5 52. Bf3 e5 0-1

[Event "HUN-chT2 9798"]
[Site "Hungary"]
[Date "1998.??.??"]
[Round "?"]
[White "Francsics, Endre"]
[Black "Sziraki, Tamas"]
[Result "1-0"]
[WhiteElo "2235"]
[BlackElo "2315"]
[PlyCount "59"]
[EventDate "1997.??.??"]
[EventType "team"]
[EventRounds "11"]
[EventCountry "HUN"]
[SourceTitle "EXT 1999"]
[Source "ChessBase"]
[SourceDate "1998.11.16"]
[SourceVersion "1"]
[SourceVersionDate "1998.11.16"]
[SourceQuality "1"]

1. d3 c5 2. c3 Nc6 3. Nf3 d5 4. e4 g6 5. Be2 Bg7 6. exd5 Qxd5 7. Na3 e5 8. 0-0 Nge7 9. Be3 b6 10. d4 cxd4 11. cxd4 e4 12. Ng5 0-0 13. Bc4 Qd7 14. Nb5 a6 15. Nc3 Nxd4 16. Nd5 Nxd5 17. Bxd4 Nf6 18. Rc1 h6 19. Nxf7 Rxf7 20. Bxf6 Bxf6 21. Qb3 Kg7 22. Rfd1 Qe8 23. Bxf7 Qxf7 24. Qxb6 Bf5 25. Rc7 Be7 26. h3 Qf6 27. Rd6 Qg5 28. Qd4+ Kh7 29. Rf6 Kg8 30. Rxe7 1-0

[Event "HUN-chT 9899"]
[Site "Hungary"]
[Date "1998.??.??"]
[Round "?"]
[White "Sziraki, Tamas"]
[Black "Zila, Laszlo"]
[Result "0-1"]
[WhiteElo "2330"]
[BlackElo "2265"]
[PlyCount "76"]
[EventDate "1998.??.??"]
[EventType "team"]
[EventRounds "12"]
[EventCountry "HUN"]
[SourceTitle "EXT 2000"]
[Source "ChessBase"]
[SourceDate "1999.11.16"]
[SourceVersion "1"]
[SourceVersionDate "1999.11.16"]
[SourceQuality "1"]

1. e4 c5 2. Nf3 e6 3. d4 cxd4 4. Nxd4 Nf6 5. Nc3 Nc6 6. Ndb5 d6 7. Bf4 e5 8. Bg5 a6 9. Na3 b5 10. Bxf6 gxf6 11. Nd5 f5 12. exf5 Bxf5 13. c3 Bg7 14. Nc2 0-0 15. Nce3 Be6 16. g3 Ne7 17. Bg2 Rb8 18. 0-0 f5 19. f4 e4 20. Qd2 Nxd5 21. Nxd5 Rc8 22. Rfd1 Rc5 23. Nb4 Qb6 24. Qe3 a5 25. Nc2 Rb8 26. Rd2 b4 27. Nd4 bxc3 28. bxc3 Bxd4 29. cxd4 Rb5 30. Bf1 Rb2 31. a4 Qb4 32. Rxb2 Qxb2 33. Rd1 Qc2 34. Qd2 Qxa4 35. d5 Bf7 36. Bh3 Rb2 37. Qc1 Qb3 38. Bxf5 Rc2 0-1

[Event "Eger Agria op"]
[Site "Eger"]
[Date "1997.??.??"]
[Round "6"]
[White "Barabas, Tibor"]
[Black "Sziraki, Tamas"]
[Result "0-1"]
[WhiteElo "2050"]
[BlackElo "2315"]
[PlyCount "52"]
[EventDate "1997.07.??"]
[EventType "swiss"]
[EventRounds "9"]
[EventCountry "HUN"]
[SourceTitle "EXT 2001"]
[Source "ChessBase"]
[SourceDate "2000.11.22"]
[SourceVersion "1"]
[SourceVersionDate "2000.11.22"]
[SourceQuality "1"]

1. e4 c5 2. Nf3 e6 3. d4 cxd4 4. Nxd4 a6 5. Nc3 Qc7 6. Be3 b5 7. a3 Bb7 8. Be2 Nf6 9. Qd3 d6 10. f4 Nbd7 11. Nb3 Be7 12. g4 d5 13. Bf3 dxe4 14. Nxe4 Nd5 15. 0-0-0 Rd8 16. Qd4 0-0 17. Ng5 N7f6 18. Qd2 b4 19. axb4 h6 20. h4 Nxe3 21. Qxe3 Rxd1+ 22. Kxd1 hxg5 23. hxg5 Nxg4 24. Qe2 Qxf4 25. Bxb7 Nf2+ 26. Ke1 Nxh1 0-1

[Event "Eger Agria op"]
[Site "Eger"]
[Date "1997.??.??"]
[Round "4"]
[White "Kladiva, Imre"]
[Black "Sziraki, Tamas"]
[Result "0-1"]
[WhiteElo "2140"]
[BlackElo "2315"]
[PlyCount "60"]
[EventDate "1997.07.??"]
[EventType "swiss"]
[EventRounds "9"]
[EventCountry "HUN"]
[SourceTitle "EXT 2001"]
[Source "ChessBase"]
[SourceDate "2000.11.22"]
[SourceVersion "1"]
[SourceVersionDate "2000.11.22"]
[SourceQuality "1"]

1. e4 c5 2. Nf3 d6 3. d4 cxd4 4. Nxd4 Nf6 5. Nc3 a6 6. Be2 e6 7. Be3 Be7 8. a4 0-0 9. 0-0 Qc7 10. f4 Nc6 11. Nxc6 bxc6 12. a5 c5 13. f5 Bb7 14. Bf3 Rad8 15. Qe2 d5 16. exd5 exd5 17. Bg5 Ng4 18. Bf4 Qxf4 19. Bxg4 Qc7 20. Rf3 Bg5 21. f6 Rfe8 22. Qd3 d4 23. Rh3 g6 24. Ne2 c4 25. Qa3 Be3+ 26. Kh1 d3 27. cxd3 cxd3 28. Ng3 Qc2 29. Bf3 Bxf3 30. gxf3 d2 0-1

[Event "HUN-chT2"]
[Site "Hungary"]
[Date "1997.??.??"]
[Round "8"]
[White "Kovacs, Laszlo M"]
[Black "Sziraki, Tamas"]
[Result "0-1"]
[WhiteElo "2365"]
[BlackElo "2315"]
[PlyCount "124"]
[EventDate "1997.??.??"]
[EventType "team-swiss"]
[EventRounds "13"]
[EventCountry "HUN"]
[SourceTitle "EXT 2006"]
[Source "ChessBase"]
[SourceDate "2005.11.24"]
[SourceVersion "1"]
[SourceVersionDate "2005.11.24"]
[SourceQuality "1"]

1. d4 Nf6 2. c4 e6 3. Nc3 Bb4 4. Qc2 0-0 5. Nf3 c5 6. e3 b6 7. Be2 Bb7 8. 0-0 cxd4 9. exd4 d5 10. cxd5 Nxd5 11. Nxd5 Qxd5 12. Bd3 h6 13. a3 Bd6 14. Re1 Qc6 15. Qe2 Nd7 16. Be3 Nf6 17. Rac1 Qd5 18. Ba6 Rac8 19. Bxb7 Qxb7 20. h3 Rxc1 21. Rxc1 Rc8 22. Qd2 Nd5 23. Rxc8+ Qxc8 24. Qc1 Qxc1+ 25. Bxc1 Kf8 26. Kf1 Ke8 27. g3 Kd7 28. Ke2 Kc6 29. Kd3 Ne7 30. Nd2 Bc7 31. Ne4 Nf5 32. Nc3 Bd8 33. Ne4 Ne7 34. Be3 a6 35. Bf4 b5 36. Bd2 Bb6 37. Nc3 Nf5 38. Be3 Ba5 39. Ne2 Ne7 40. b3 Nf5 41. Nf4 Bd8 42. Ne2 Bf6 43. Bd2 Be7 44. Bc1 Bd6 45. Ke4 Ne7 46. Kd3 Nd5 47. Nc3 Nxc3 48. Kxc3 Kd5 49. Kd3 Be7 50. f4 h5 51. g4 hxg4 52. hxg4 Bh4 53. f5 exf5 54. gxf5 Bf2 55. Bb2 g5 56. fxg6 fxg6 57. a4 g5 58. axb5 axb5 59. Bc1 g4 60. Kc3 g3 61. Bf4 g2 62. Bh2 Bxd4+ 0-1